Fortnight (feat. Post Malone)-Taylor Swift (All Lyrics) - Statistics

General Stats
  • This quiz has been taken 54 times
  • The average score is 305 of 321
Answer Stats
Lyrics % Correct
a
100%
alcoholic
100%
an
100%
and
100%
And
100%
away,
100%
be
100%
but
100%
But
100%
come
100%
for
100%
forgot
100%
fortnight
100%
functioning
100%
I
100%
"I
100%
(I
100%
in
100%
it
100%
love
100%
me
100%
my
100%
My
100%
new
100%
no
100%
noticed
100%
on-
100%
on
100%
only
100%
sent
100%
supposed
100%
the
100%
there,
100%
they
100%
'til
100%
to
100%
was
100%
we
100%
were
100%
what
100%
you
100%
you,
100%
you)
100%
your
100%
Your
100%
about
96%
All
96%
are
96%
flowers,
96%
get
96%
her
96%
it's
96%
kill
96%
life
96%
life)
96%
nobody
96%
Now
96%
quiet
96%
ruining
96%
Run
96%
say,
96%
took
96%
touch,
96%
touch
96%
treason?
96%
wanna
96%
want
96%
wife
96%
aesthetic
92%
backyard,
92%
drug,
92%
endless
92%
February
92%
good
92%
hope
92%
into
92%
miracle
92%
of
92%
okay",
92%
reason
92%
stuck
92%
this
92%
touched
92%
turned
92%
up
92%
up,
92%
waters
92%
won't
92%
you're
92%
blame,
88%
cheating,
88%
forever
88%
here's
88%
him
88%
husband
88%
is
88%
mornings
88%
move-
88%
Move
88%
neighbors
88%
one
88%
sometimes,
88%
weather
88%
ask
83%
buy
83%
car
83%
effects
83%
lost
83%
Mondays,
83%
pick
83%
temporary
83%
America
79%
Another
79%
at
79%
callin'
79%
Florida,
79%
Florida
79%
(Florida),
79%
start
79%
Thought
79%
mailbox,
75%
together
75%
ya,
75%
comment
67%
Moved
67%
sweater
67%
No matching quizzes found
Score Distribution
Percent of People with Each Score
Percentile by Number Answered
Your Score History
You have not taken this quiz